| 000 | 00812nam a22002897a 4500 | ||
|---|---|---|---|
| 001 | 0071300 | ||
| 003 | KOHA_MİRAKIL | ||
| 005 | 20260207005003.0 | ||
| 007 | ta | ||
| 008 | 240801b2014 tu |||gr||||#0|||1|tur | | ||
| 020 | _a9786055852009 | ||
| 040 |
_aTR-BiSEU _btur _cTR-BiSEU _erda |
||
| 041 | 0 | _atur | |
| 044 | _ctu | ||
| 050 |
_aPL248.C55 _bH37 2014 |
||
| 100 | 1 | _aCilasun, Raif. | |
| 245 | 1 |
_aHaram lokma/ _cRaif Cilasun ; Raif Cilasun; editör Kenan Tabak. |
|
| 264 | 1 |
_aİstanbul : _bEbru Yayınları _c2014 |
|
| 300 | _a260 sayfa; 21 cm. | ||
| 336 |
_ametin _btxt _2rdacontent |
||
| 337 |
_aaracısız _bn _2rdamedia |
||
| 338 |
_acilt _bnc _2rdacarrier |
||
| 650 | 0 |
_aTürk edebiyatı--Roman. _93222 |
|
| 650 | 0 |
_aTurkish literature--Novel. _962765 |
|
| 907 | _aRoman | ||
| 942 |
_2lcc _cBK |
||
| 999 |
_c72053 _d72053 |
||